| 000 | 01413nam a2200337 i 4500 | ||
|---|---|---|---|
| 003 | EG-ScBUE | ||
| 005 | 20250522135707.0 | ||
| 008 | 250429s1997 nyua f bd 001 0 eng d | ||
| 020 | _a0071154264 | ||
| 020 | _a9780071154260 | ||
| 040 |
_aEG-ScBUE _beng _erda _cEG-ScBUE _dEG-ScBUE |
||
| 082 | 0 | 4 |
_a532.05 _bOOS _222 |
| 100 | 1 |
_aOosthuizen, P. H., _eauthor. |
|
| 245 | 1 | 0 |
_aCompressible fluid flow / _cPatrick H. Oosthuizen, Department of Mechanical Engineering, Queen's University, Kingston, Ontario, Canada, William E. Carscallen, Institute of Aerospace Research, National Research Council of Canada, Ottawa, Ontario, Canada. |
| 250 | _aMcGraw-Hill international editions. | ||
| 264 | 1 |
_aNew York : _bMcGraw-Hill Company, INC., _c1997. |
|
| 300 |
_axx, 548 pages : _billustrations ; _c25 cm. |
||
| 336 |
_2rdacontent _atext _btxt |
||
| 337 |
_aunmediated _2rdamedia _bn |
||
| 338 |
_avolume _bnc _2rdacarrier |
||
| 490 | 0 | _aMechanical engineering series | |
| 500 | _aIncludes glossary. | ||
| 504 | _aIncludes bibliographical references and index. | ||
| 650 | 7 |
_aFluid dynamics. _2BUEsh |
|
| 650 | 7 |
_aCompressibility. _2BUEsh |
|
| 655 | _vReading book | ||
| 700 | 1 |
_aCarscallen, William E., _eauthor. |
|
| 856 | 4 | 2 |
_3Publisher description _uhttp://www.loc.gov/catdir/description/mh022/96009908.html |
| 856 | 4 | 2 |
_3Table of contents _uhttp://www.loc.gov/catdir/toc/mh022/96009908.html |
| 942 |
_cBB _2ddc |
||
| 999 |
_c5558 _d5558 |
||